Systém rozpoznávania ŠPZ vozidiel bakalárska práca

Enregistré dans:
Détails bibliographiques
Auteur principal: Tkáčik, Michal
Collectivité auteur: Fakulta hospodárskej informatiky EU. Katedra aplikovanej informatiky
Autres auteurs: Kultan, Jaroslav, 1960-
Format: Livre
Langue:slovaque
Publié: Bratislava 2011
Tags: Ajouter un tag
Pas de tags, Soyez le premier à ajouter un tag!

MARC

LEADER 00000nbm a2200000 4500
001 0141340
005 20161109111750.9
041 0 |a slo 
044 |a SK 
245 1 0 |a Systém rozpoznávania ŠPZ vozidiel  |b bakalárska práca  |c Michal Tkáčik ; školiteľ: Jaroslav Kultan 
264 1 |a Bratislava  |c 2011 
300 |a 48 s. 
100 1 |a Tkáčik, Michal 
700 1 |a Kultan, Jaroslav, 1960- 
710 2 |a Fakulta hospodárskej informatiky EU. Katedra aplikovanej informatiky